Technique et société au Japon : (Record no. 12375)
[ view plain ]
| 000 -LEADER | |
|---|---|
| fixed length control field | 00438nam a2200145 a 4500 |
| 020 ## - INTERNATIONAL STANDARD BOOK NUMBER | |
| ISBN | 2738404588 |
| 040 ## - CATALOGING SOURCE | |
| Transcribing agency | DLC |
| 082 ## - DEWEY DECIMAL CLASSIFICATION NUMBER | |
| Classification number | 609 HAR 1989 A042 Or. |
| 100 1# - MAIN ENTRY--AUTHOR NAME | |
| Personal name | Plantier, Joëlle. |
| 245 10 - TITLE STATEMENT | |
| Title | Technique et société au Japon : |
| Remainder of title | histoire sociale de l'enseignement technique, 1945-1985 / |
| 260 ## - PUBLICATION, DISTRIBUTION, ETC. (IMPRINT) | |
| Place of publication | Paris : |
| Name of publisher | I.N.R.P. : |
| -- | L'Harmattan, |
| Year of publication | c1989. |
| 300 ## - PHYSICAL DESCRIPTION | |
| Number of Pages | 188 p. : |
| Other physical details | ill. ; |
| Dimensions | 22 cm. |
| 650 #0 - SUBJECT ADDED ENTRY--TOPICAL TERM | |
| Topical Term | Technical education |
| 942 ## - ADDED ENTRY ELEMENTS (KOHA) | |
| Koha item type | សៀវភៅភាសាអង់គ្លេស |
| 952 ## - LOCATION AND ITEM INFORMATION (KOHA) | |
| Withdrawn status [LOCAL, KOHA] | 0 |
| Permanent Location | Date acquired | Koha item type | Lost status | Shelving location | Barcode | Current Location | Full call number |
|---|---|---|---|---|---|---|---|
| Library Block A | 2017-08-12 | សៀវភៅភាសាអង់គ្លេស | A042 | A17467 | Library Block A | 609 HAR 1989 A042 Or. |